Bailongo (Registro nro. 11712)
[ vista simple ]
| 000 -LEADER | |
|---|---|
| fixed length control field | 00882njm a22002417a 4500 |
| 005 - DATE AND TIME OF LATEST TRANSACTION | |
| control field | 20220720160303.0 |
| 008 - FIXED-LENGTH DATA ELEMENTS--GENERAL INFORMATION | |
| fixed length control field | 190308b xxu||||| |||| 00| 0 spa d |
| 041 ## - LANGUAGE CODE | |
| Language code of text/sound track or separate title | spa |
| 110 ## - MAIN ENTRY--CORPORATE NAME | |
| Corporate name or jurisdiction name as entry element | Orquesta La Solución |
| 245 ## - TITLE STATEMENT | |
| Title | Bailongo |
| 260 ## - PUBLICATION, DISTRIBUTION, ETC. (IMPRINT) | |
| Place of publication | Costa Rica |
| 260 ## - PUBLICATION, DISTRIBUTION, ETC. (IMPRINT) | |
| Name of publisher | Simbiosis de Centroamérica |
| 260 ## - PUBLICATION, DISTRIBUTION, ETC. (IMPRINT) | |
| Name of publisher | Papaya Music |
| 300 ## - PHYSICAL DESCRIPTION | |
| Number of Pages | 1 CD-ROM |
| 300 ## - PHYSICAL DESCRIPTION | |
| Number of Pages | 51:11 minutos |
| 505 ## - FORMATTED CONTENTS NOTE | |
| Formatted contents note | 1. Salsa cumbiando.<br/>2. Aléjate de mi.<br/>3. Pájaro cantador.<br/>4. Las flores de mi jardín.<br/>5. Calla corazón.<br/>6. Mueve mueve.<br/>7. Ramona.<br/>8. La salsa del pueblo.<br/>9. María María.<br/>10. Trompeta llora.<br/>11. ¡Ay como duele!<br/>12. Quiéreme.<br/>13. Llegó el verano. |
| 650 ## - SUBJECT ADDED ENTRY--TOPICAL TERM | |
| Topical Term | COSTA RICA |
| 650 ## - SUBJECT ADDED ENTRY--TOPICAL TERM | |
| Topical Term | MÚSICA POPULAR |
| 650 ## - SUBJECT ADDED ENTRY--TOPICAL TERM | |
| Topical Term | MÚSICA LATINOAMERICANA |
| 650 ## - SUBJECT ADDED ENTRY--TOPICAL TERM | |
| Topical Term | SALSA (MÚSICA) |
| 650 ## - SUBJECT ADDED ENTRY--TOPICAL TERM | |
| Topical Term | CUMBIA (MÚSICA) |
| 942 ## - ADDED ENTRY ELEMENTS (KOHA) | |
| Koha item type | Música |
| Withdrawn status | Lost status | Damaged status | Not for loan | Home library | Current library | Date acquired | Total Checkouts | Full call number | Accession Number | Date last seen | Price effective from | Koha item type |
|---|---|---|---|---|---|---|---|---|---|---|---|---|
| Departamento de Biblioteca y Documentación Alfonso Chase Brenes | Departamento de Biblioteca y Documentación Alfonso Chase Brenes | 08/03/2019 | 113 DC | 113DC | 08/03/2019 | 08/03/2019 | Música |